La hora cero : de la castellanización de México-Tenochtitlan /

Los Cuadernos de la Ciudad de México, Delegación Cuauhtémoc es una colección que recupera la memoria histórica de la región. Fue publicada durante 1981-1982, a razón de un volumen por mes, y los títulos que la componen son: Presencia de Cuauhtémoc en la Delegación Cuauhtémoc (diciembre 1981); Socior...

Popoln opis

Shranjeno v:
Bibliografske podrobnosti
Glavni avtor: Romero, Héctor Manuel (autor)
Format: Knjiga
Jezik:španščina
Serija:(Cuadernos de la Ciudad de México. Delegación Cuauhtémoc ; 12)
Teme:
Oznake: Označite
Brez oznak, prvi označite!

MARC

LEADER 00000nam^a2200000^a^4500
001 000187975
005 20250521000000.0
009 20260310102321.222
037 |a Acervo ITESO - Biblioteca 
041 |a ESP 
082 |a 972. 532  |b ROM V. 12 
100 |a Romero, Héctor Manuel  |e (autor) 
245 1 3 |a La hora cero :  |b de la castellanización de México-Tenochtitlan /  |c H.M. Romero ; presen. de Alfredo Stamatio López. 
264 |a México :  |b Gobierno del Distrito Federal, Delegación Cuauhtémoc,  |c 1982 
336 |a texto  |b txt  |2 rdacontenido 
337 |a sin mediación  |b n  |2 rdamedio 
338 |a volumen  |b nc  |2 rdasoporte 
440 1 |a (Cuadernos de la Ciudad de México.  |p Delegación Cuauhtémoc ;  |v 12) 
520 |a Los Cuadernos de la Ciudad de México, Delegación Cuauhtémoc es una colección que recupera la memoria histórica de la región. Fue publicada durante 1981-1982, a razón de un volumen por mes, y los títulos que la componen son: Presencia de Cuauhtémoc en la Delegación Cuauhtémoc (diciembre 1981); Socioradiografía histórica de la Zona Rosa (enero 1982); México en una laguna... 5 siglos de alteración ecológica (febrero 1982); Dios omnipotente y don Porfirio presidente: la Delegación Cuauhtémoc en 1910-1911 (marzo 1982); El hombre chinampa: el mexicano y su vocación constructora (abril 1982); Izcalli, esta es su casa: crónica de la hospitalidad en la Ciudad de México (mayo 1982); Esquina...bajan... : los inicios del autotransporte público en la Ciudad de México (junio 1982); Santa María la Ribera (julio 1982); La Reforma se reforma: las estatuas del Paseo de la Reforma Norte (agosto 1982); La Ciudad de México en los informes presidenciales: 1934-1982 (septiembre 1982); Descongelando las rentas congeladas (octubre 1982), y La hora cero de la castellanización de México-Tenochtitlan (noviembre 1982). En este tomo, el autor presenta los dramáticos comienzos del mestizaje en México. 
649 |a XX 
650 |a Mestizaje -  |z México -  |x Historia -  |y Epoca Colonial, 1517-1821 
650 |a Mestizaje -  |z México -  |x Historia 
650 |a Aculturación -  |z México -  |x Historia -  |y Epoca Colonial, 1517-1821 
650 |a Aculturación -  |z México -  |x Historia 
650 |a México (Ciudad) -  |x Historia -  |y Epoca Colonial, 1517-1821 
650 |a México (Ciudad) -  |x Historia 
650 |a México -  |x Historia -  |y Epoca Colonial, 1517-1821 
650 |a México -  |x Historia 
910 |a Fondo Julio de la Peña Lomelín 
920 |a Impresos - Libros 
930 |a Arquitectos Jaliscienses 
905 |a 115 
901 |a 0500130598  |b IT1  |c JAL  |u 20250521 
902 |a https://opac.biblio.iteso.mx/vufind/Record/000187975